| 000 | 00507nam a22002057a 4500 | ||
|---|---|---|---|
| 999 |
_c7254 _d7254 |
||
| 003 | Ost | ||
| 005 | 20190610133708.0 | ||
| 008 | 190610b ||||| |||| 00| 0 eng d | ||
| 020 | _a0750649321 | ||
| 040 | _cBT-PhCST | ||
| 050 | _a22656-22660 | ||
| 082 |
_222 _a681.2 _bSIN |
||
| 100 | _aSinclair, Ian R. | ||
| 245 | _aSensors and transducers / | ||
| 250 | _a3rd ed. | ||
| 260 |
_aNew York : _bNewnes, _cc2003. |
||
| 300 |
_axiv, 306 p. : _bill. ; _c24 cm |
||
| 500 | _aIncludes index. | ||
| 942 |
_2ddc _cECE |
||